Представление документа в формате RUSMARC

ПолеНазваниеЗначение
  Тип записи a
  Библиографический уровень m
001 Контрольный номер eb58b193015047fcb820a0a1ea6bb26f
005 Дата корректировки 20260528100812.0
010 Индекс ISBN __
a ISBN 978-5-04-207131-7
b Уточнения в пер.
9 Тираж 3000 экз.
d Цена 1128-69
100 Данные общей обработки __
a Данные общей обработки 20260521d2024 m y0rusy028902 ca
101 Язык документа 0_
a Язык текста rus
102 Страна публикации __
a Страна публикации RU
105 Кодированные данные (монография) __
a Кодированные данные (монография) ac z 000yb
181 Поле кодированных данных: вид содержания _0
a Код вида содержания (ISBD) i
182 Поле кодированных данных: тип средства _0
a Код типа средства (ISBD) n
200 Заглавие и сведения об ответственности 0_
a Заглавие Николай Караченцов. Глазами семьи и друзей
f Первые сведения об ответственности Андрей Караченцов
203 Вид содержания и тип средства __
a Вид содержания Текст
c Тип средства непосредственный
210 Выходные данные 1_
a Место издания Москва
c Издательство Эксмо
c Издательство Бомбора
d Дата издания 2024
215 Физическое описание __
a Объем 236, [2] с.
c Иллюстрации/тип воспроизводства ил., цв. ил., портр.
225 Серия 2_
a Серия Кино в лицах
i Наименование части Биография звезд российского кино и театра
330 Аннотация __
a Аннотация Эта книга - трогательный и искренний портрет великого артиста Николая Петровича Караченцова, созданный на основе воспоминаний его семьи и друзей. Сын Андрей делится личными моментами из жизни с отцом, рассказывая о том, как Николай вдохновлял его и поддерживал в трудные времена. Воспоминания коллег - Аллы Суриковой, Максима Дунаевского, Елены Суржиковой, Максима Федорова и многих других - дополняют картину, раскрывая яркие эпизоды совместной работы и дружбы. Каждый из них делится уникальными историями, которые подчеркивают не только талант Караченцова, но и его человечность, доброту и умение дарить радость окружающим.
333 Примечание о целевом назначении __
a Примечание о целевом назначении 16+. Для детей старше 16 лет
517 Другие варианты заглавия 1_
a Другие варианты заглавия Глазами семьи и друзей
600 Персоналии _1
a Персоналии (Фамилия) Караченцов
f Даты 1944-2018
g Полное имя Николай Петрович
2 Код системы nlr_sh
b Персоналии (Имя) Н. П.
606 Тематические рубрики __
a Основная рубрика Музыка и зрелищные искусства
2 Код системы nlr_sh
606 Тематические рубрики __
a Основная рубрика Художественно-игровое кино
2 Код системы nlr_sh
606 Тематические рубрики __
2 Код системы nlr_sh
a Основная рубрика Драматический театр
610 Ключевые слова 0_
a Ключевые слова киноактеры
610 Ключевые слова 0_
a Ключевые слова биографические сведения
610 Ключевые слова 0_
a Ключевые слова биографические материалы
610 Ключевые слова 0_
a Ключевые слова персоналии
610 Ключевые слова 0_
a Ключевые слова биографии
610 Ключевые слова 0_
a Ключевые слова воспоминания
610 Ключевые слова 0_
a Ключевые слова театральные актеры
610 Ключевые слова 0_
a Ключевые слова актеры
610 Ключевые слова 0_
a Ключевые слова актеры кино
610 Ключевые слова 0_
a Ключевые слова советские актеры
686 Индексы других классификаций __
a Классификационный индекс 85.334.3(2=411.2)6-8
2 Код системы rubbks
686 Индексы других классификаций __
2 Код системы rubbks
a Классификационный индекс 85.374.3(2)6-8
700 Автор _1
a Фамилия Караченцов
b Имя А. Н.
g Полное личное имя Андрей Николаевич
4 Код отношения 070
f Даты 1978-
801 Источник записи _0
a Страна RU
b Организация Муниципальное бюджетное учреждение культуры "Централизованная библиотечная система" г. Сургут (Центральная городская библиотека им. А. С. Пушкина)
g Правила каталогизации PSBO
c Дата составления 20260521
801 Источник записи _1
a Страна RU
b Организация Муниципальное бюджетное учреждение культуры "Централизованная библиотечная система" г. Сургут (Центральная городская библиотека им. А. С. Пушкина)
g Правила каталогизации PSBO
c Дата составления 20260521
852 Данные о местонахождении __
j Шифр хранения 85.334.3(2=411.2)6-8
i Авторский знак К 21
900 Макрообъекты __
a Макрообъекты Николай Караченцов. Глазами семьи и друзей. Караченцов, Н., 2024
901 Тип документа __
t Тип документа m
a Ответственный ООФиК/Волкова
901 Тип документа __
a Ответственный 6 партия
903 Характеристики (МАРС) __
a Дата передачи 20260521
c Наименование библиотеки (МАРС) Муниципальное бюджетное учреждение культуры "Централизованная библиотечная система" г. Сургут (Центральная городская библиотека им. А. С. Пушкина)
969 Тип издания __
a Тип издания популярное издание
a Тип издания Ф 26
990 Данные о заказе (DOS) __
j Количество экземпляров (DOS) 2
t N записи в КСУ для И/У (DOS) 202606